000 01068nam a2200349 b 4500
001
003 DO-SdBPM
005 20250721123254.0
008 930323 1998 xxu a spa d
017 _a
_b
020 _a1580870090
040 _aDO-SdBPM
_bspa
_cBPMSU
_erda
082 4 _a590
_bG196d 1998
_222
100 1 _aGaneri, Anita
_4autor
245 1 0 _aDonde viven los animales /
_cAnita Ganeri ; traducción María Teresa Sanz
_h
260 _a
264 _aEstados Unidos :
_bStampley,
_c1998.
300 _a32 páginas .:
_bilustraciones ;
_c29 cm
336 _atexto
_btxt
_2rdacontent
337 _asin mediacion
_bn
_2rdamedia
338 _avolumen
_bnc
_2rdacarrier
490 0 _aBiblioteca de descubrimientos ;
_aDescubre tu mundo
590 _aInventariado, 2025/VM
600 _2
650 7 _aConducta animal
650 7 _aReptiles
_xHábitos y conducta
650 7 _aZoología.
650 7 _aReptiles
_xHábitos y conducta.
700 1 _aSanz, María Teresa
_etraductor
910 _aVMateo V. Control de calidad. BPMSU
942 _2ddc
_cBK
999 _c12543
_d12543